000 00626 a2200193 4500
999 _c11423
_d11423
020 _a0133562549
050 0 0 _aHB 171.5
_bSLO 2008
100 1 _aSloman, John,
_d1947-
245 1 0 _aEssentials of Economics /
_cJohn Sloman
264 _aNew York :
_bPrentice Hall,
_c1998
300 _a394 pages
_billustrations
336 _2rdacontent
_atext
_btxt
337 _2rdamedia
_aunmediated
_bn
338 _2rdacarrier
_avolume
_bnc
500 _aIncludes index.
650 0 _aEconomics.
942 _2lcc
_cBK
_h171.5
_iSLO
_kHB